The metalcasters bible

Bibliographic Details
Main Author: Ammen, C. W. (Author)
Format: Book
Published: New York : TAB Books , c1980
Subjects:

MARC

LEADER 00000cam a2200000 7i4500
001 0000007022
005 20040216093000.0
008 021119s1980
020 |a 0830611738 ,   |c (pbk.) 
020 |a 0830699708 
090 0 0 |a TS230   |b .A63 1980 
100 0 |a Ammen, C. W. ,   |e author 
245 1 4 |a The metalcasters bible   |c by C. W. Ammen 
260 2 |a New York :   |b TAB Books ,   |c c1980 
300 |a 434 p. ;   |c 21 cm. 
504 |a Includes index 
650 0 |a Founding 
999 |a 1000071932   |b Book   |c OPEN SHELF (30 DAYS)   |e Gong Badak Campus